000 01252cam a2200337 i 4500
001 5948
003 FISKH
005 20250210162023.0
008 140425s2015 nyua c 000 1 eng c
010 _a 2014012529
020 _a9780545538121 (alk. paper)
020 _a9780545538138
040 _aNJQ/DLC
_beng
_cNJQ
_erda
_dDLC
050 _aPZ7.B78065 L
082 _a813.6
100 1 _aBritt, Paige
_e(1978-)
245 1 4 _aThe lost track of time /
_cby Paige Britt ; drawings by Lee White.
250 _aThis edition first published in 2016
260 _aNew York :
_bScholastic,
_c2015.
300 _a306 pages :
_bcolor illustrations ;
_c23 cm
505 _aR
520 _aPenelope is an imaginative girl, whose every day has been rigidly scheduled by her mother--until one day she falls through a hole in her calendar and lands in the Realm of Possibility, where she discovers that it, too, is stuck in a track of time, and only she can save it.
521 8 _a680
_bLexile
521 8 _aR
_bRaz-Plus
650 0 _aTime
_vJuvenile fiction.
650 0 _aImagination
_vJuvenile fiction.
700 1 _aWhite, Lee
_dillustrator
906 _a7
_bcbc
_corignew
_d1
_eecip
_f20
_gy-gencatlg
942 _2ddc
_cBK
_n0
999 _c5948
_d5948